Enciclopedia de las medicinas alternativas / (Record no. 24520)
[ view plain ]
| 000 -CABECERA | |
|---|---|
| campo de control de longitud fija | 00789nam a2200217 a 4500 |
| 001 - NÚMERO DE CONTROL | |
| campo de control | 000025027 |
| 005 - FECHA Y HORA DE LA ÚLTIMA TRANSACCIÓN | |
| campo de control | 20200930023522.0 |
| 008 - DATOS DE LONGITUD FIJA--INFORMACIÓN GENERAL | |
| campo de control de longitud fija | 110209s2006 sp a e 000 0 spa d |
| 020 ## - NÚMERO INTERNACIONAL ESTÁNDAR DEL LIBRO | |
| Número Internacional Estándar del Libro | 8449424429 |
| 040 ## - FUENTE DE LA CATALOGACIÓN | |
| Centro catalogador/agencia de origen | DO-SdBNP |
| Lengua de catalogación | spa |
| Centro/agencia transcriptor | BNPHU |
| 082 ## - NÚMERO DE LA CLASIFICACIÓN DECIMAL DEWEY | |
| Número de clasificación | R 615.503 |
| Número de documento/Ítem | E56, 2006 |
| 240 14 - TÍTULO UNIFORME | |
| Título uniforme | The gale encyclopedia of alternative medicine |
| Lenguaje de la obra | español |
| 245 00 - MENCIÓN DE TÍTULO | |
| Título | Enciclopedia de las medicinas alternativas / |
| Mención de responsabilidad, etc. | directoras editoriales Kristine Krapp y Jacqueline L. Longe. |
| 260 ## - PUBLICACIÓN, DISTRIBUCIÓN, ETC. | |
| Lugar de publicación, distribución, etc. | Barcelona, España : |
| Nombre del editor, distribuidor, etc. | Oceano, |
| Fecha de publicación, distribución, etc. | 2006. |
| 300 ## - DESCRIPCIÓN FÍSICA | |
| Extensión | viii, 1568 p. : |
| Otras características físicas | il. ;. |
| 500 ## - NOTA GENERAL | |
| Nota general | Traducido del inglés |
| 650 #4 - PUNTO DE ACCESO ADICIONAL DE MATERIA--TÉRMINO DE MATERIA | |
| Término de materia o nombre geográfico como elemento de entrada | Medicina alternativa |
| Subdivisión general | Enciclopedias |
| 9 (RLIN) | 51358 |
| 700 12 - PUNTO DE ACCESO ADICIONAL--NOMBRE DE PERSONA | |
| Nombre de persona | Krapp, Kristine, |
| Término indicativo de función/relación | ed. |
| 9 (RLIN) | 51359 |
| 700 12 - PUNTO DE ACCESO ADICIONAL--NOMBRE DE PERSONA | |
| Nombre de persona | Longe, Jacqueline L., |
| Término indicativo de función/relación | ed. |
| 9 (RLIN) | 51360 |
| 910 ## - DATOS DE OPCIÓN DEL USUARIO (OCLC) | |
| Datos de opción del usuario | Validado. Control de calidad MFF |
| Estado de retiro | Estado de pérdida | Restricciones de uso | No para préstamo | Código de colección | Localización permanente | Ubicación/localización actual | Ubicación en estantería | Fecha de adquisición | Número de inventario | Total de préstamos | Signatura topográfica completa | Código de barras | Fecha visto por última vez | Precio válido a partir de | Tipo de ítem Koha | Número de copia |
|---|---|---|---|---|---|---|---|---|---|---|---|---|---|---|---|---|
| Excluido de préstamo | Referencia General | General | Biblioteca Nacional Pedro Henríquez Ureña | Depósito | 09.02.2011 | LF1 | R 615.503 E56, 2006 | 25027-20 | 25.06.2020 | 25.06.2020 | No se presta | e.2 | ||||
| Excluido de préstamo | Monografías: Libros y Folletos | General | General | Depósito | 09.02.2011 | LF1 | R 615.503 E56, 2006 | 25027-10 | 25.06.2020 | 25.06.2020 | No se presta |
